ბათუმის შოთა რუსთაველის სახელმწიფო უნივერსიტეტის ბიბლიოთეკა

მოთხრობები.პიესები,მემუარები. ტ.2 (ბიბ.ჩანაწერი № 47789)

000 -LEADER
fixed length control field 00809nam a2200217Ia 4500
001 - CONTROL NUMBER
control field 14663
003 - CONTROL NUMBER IDENTIFIER
control field GE_BSU
008 - FIXED-LENGTH DATA ELEMENTS--GENERAL INFORMATION
fixed length control field 181216s||||||||xx |||||||||||||| ||und||
040 ## - CATALOGING SOURCE
Transcribing agency GE_BSU
080 ## - UNIVERSAL DECIMAL CLASSIFICATION NUMBER
Universal Decimal Classification number 821.353.1-32
100 ## - MAIN ENTRY--PERSONAL NAME
Personal name კლდიაშვილი,დავით
245 ## - TITLE STATEMENT
Title მოთხრობები.პიესები,მემუარები. ტ.2
245 ## - TITLE STATEMENT
Statement of responsibility, etc. პ/მგ. რედ.: ს.კლდიაშვილი
260 ## - PUBLICATION, DISTRIBUTION, ETC.
Place of publication, distribution, etc. ტფილისი
260 ## - PUBLICATION, DISTRIBUTION, ETC.
Name of publisher, distributor, etc. ფედერაცია
260 ## - PUBLICATION, DISTRIBUTION, ETC.
Date of publication, distribution, etc. 1935
300 ## - PHYSICAL DESCRIPTION
Extent 354გვ.22სმ.
300 ## - PHYSICAL DESCRIPTION
Accompanying material დამატება,შენიშვნ.გვ.349. საძიებელი გვ.351
653 ## - INDEX TERM--UNCONTROLLED
Uncontrolled term მოთხრობები.პიესები,მემუარები.
942 ## - ADDED ENTRY ELEMENTS (KOHA)
Koha item type წიგნი
ეგზემპლარები
Withdrawn status Lost status Damaged status Not for loan Date acquired Barcode Date last seen Price effective from Koha item type
        2018-12-17 37702 2018-12-17 2018-12-17 წიგნი